00609cam a22002051 4500001001300000003000400013005001700017008004100034010001700075035002000092040001900112042001200131050001600143060002300159100002200182245011200204260004900316300002100365999001700386med47000518 DLC20260227111559.0821218s1940 xx a 000 0 ita  amed47000518  a(OCoLC)14725912 aDLCcDNLMdDLC apremarc00aQM531b.F380 aWO 101bF287c 19401 aFazzari, Ignazio.10aCompendio di anatomia topografica;cprefazione del prof. F. Schupfer ... Con 510 figure in nero e a colori. aMilano,bSocietà editrice libraria,c1940. axv, 621 p.bill. c38106d38106